<?xml version="1.0" encoding="UTF-8"?><?xml-stylesheet type="text/xsl" href="static/style.xsl"?><OAI-PMH xmlns="http://www.openarchives.org/OAI/2.0/" xmlns:xsi="http://www.w3.org/2001/XMLSchema-instance" xsi:schemaLocation="http://www.openarchives.org/OAI/2.0/ http://www.openarchives.org/OAI/2.0/OAI-PMH.xsd"><responseDate>2026-04-28T17:56:23Z</responseDate><request verb="GetRecord" identifier="oai:riubu.ubu.es:10259/6173" metadataPrefix="marc">https://riubu.ubu.es/oai/request</request><GetRecord><record><header><identifier>oai:riubu.ubu.es:10259/6173</identifier><datestamp>2022-11-23T13:26:41Z</datestamp><setSpec>com_10259_6171</setSpec><setSpec>com_10259_5086</setSpec><setSpec>com_10259_2604</setSpec><setSpec>col_10259_6172</setSpec></header><metadata><record xmlns="http://www.loc.gov/MARC21/slim" xmlns:doc="http://www.lyncode.com/xoai" xmlns:xsi="http://www.w3.org/2001/XMLSchema-instance" xmlns:dcterms="http://purl.org/dc/terms/" xsi:schemaLocation="http://www.loc.gov/MARC21/slim http://www.loc.gov/standards/marcxml/schema/MARC21slim.xsd">
<leader>00925njm 22002777a 4500</leader>
<datafield tag="042" ind1=" " ind2=" ">
<subfield code="a">dc</subfield>
</datafield>
<datafield tag="720" ind1=" " ind2=" ">
<subfield code="a">Santamaría, Amaia</subfield>
<subfield code="e">author</subfield>
</datafield>
<datafield tag="720" ind1=" " ind2=" ">
<subfield code="a">García Llona, Aratz</subfield>
<subfield code="e">author</subfield>
</datafield>
<datafield tag="720" ind1=" " ind2=" ">
<subfield code="a">Revilla Cuesta, Víctor</subfield>
<subfield code="e">author</subfield>
</datafield>
<datafield tag="720" ind1=" " ind2=" ">
<subfield code="a">Piñero Santiago, Ignacio</subfield>
<subfield code="e">author</subfield>
</datafield>
<datafield tag="720" ind1=" " ind2=" ">
<subfield code="a">Ortega López, Vanesa</subfield>
<subfield code="e">author</subfield>
</datafield>
<datafield tag="260" ind1=" " ind2=" ">
<subfield code="c">2021-08</subfield>
</datafield>
<datafield tag="520" ind1=" " ind2=" ">
<subfield code="a">The environmental impact of the building sector is especially relevant during the construction phase. Both the materials and the construction methods that are currently in use must be reconsidered, in order to minimize the environmental impact of concrete-based structures. This research is therefore focused on achieving greener concrete-based building structures. In this context, the feasibility of careful use of materials for concrete manufacture and the use of construction techniques that can facilitate and reduce energy consumption during placement are both studied. To do so, twelve sample beams were prepared using eight different sustainable high-workability structural concretes. The aim was to maximize the use of the by-products that amounted to over 80% of the concrete mass, steelmaking slags, fly ash, and quarry waste, and to employ energy-saving concrete placement techniques. The beams underwent bending tests in which their mechanical behavior and their compliance with the specifications of the most relevant building codes were verified. The results pointed to the feasibility of increased sustainability in the field of building engineering through the suitable use of selected by-products and techniques.</subfield>
</datafield>
<datafield tag="024" ind2=" " ind1="8">
<subfield code="a">2352-0124</subfield>
</datafield>
<datafield tag="024" ind2=" " ind1="8">
<subfield code="a">http://hdl.handle.net/10259/6173</subfield>
</datafield>
<datafield tag="024" ind2=" " ind1="8">
<subfield code="a">10.1016/j.istruc.2021.04.003</subfield>
</datafield>
<datafield ind1=" " ind2=" " tag="653">
<subfield code="a">Waste management</subfield>
</datafield>
<datafield ind1=" " ind2=" " tag="653">
<subfield code="a">Waste recycling</subfield>
</datafield>
<datafield ind1=" " ind2=" " tag="653">
<subfield code="a">Electric arc furnace slag</subfield>
</datafield>
<datafield ind1=" " ind2=" " tag="653">
<subfield code="a">Supplementary cementitious materials</subfield>
</datafield>
<datafield ind1=" " ind2=" " tag="653">
<subfield code="a">Energy-saving concrete mixes</subfield>
</datafield>
<datafield ind1=" " ind2=" " tag="653">
<subfield code="a">Building beams</subfield>
</datafield>
<datafield ind1=" " ind2=" " tag="653">
<subfield code="a">Full-scale bending test on beams</subfield>
</datafield>
<datafield tag="245" ind1="0" ind2="0">
<subfield code="a">Bending tests on building beams containing electric arc furnace slag and alternative binders and manufactured with energy-saving placement techniques</subfield>
</datafield>
</record></metadata></record></GetRecord></OAI-PMH>